|
|
|
|
| LEADER |
00000cam a2200000 7i4500 |
| 001 |
0000009030 |
| 005 |
20150902.0 |
| 040 |
|
|
|a INS
|
| 090 |
0 |
0 |
|a HF5548.8
|b V69 1970
|
| 100 |
1 |
|
|a Vroom, Victor Harold
|
| 245 |
1 |
0 |
|a Management and motivation :
|b seleted readings
|c by Victor H. Vroom and Edward L. Deci
|
| 260 |
|
|
|a Hampshire :
|b Penguin ,
|c 1970
|
| 300 |
|
|
|a 399p ;
|c 18cm.
|
| 490 |
0 |
|
|a Penquin moderm menagement readings
|
| 504 |
|
|
|a Includes bibliographical references
|
| 650 |
0 |
0 |
|a Employee motivation
|
| 650 |
0 |
0 |
|a Personnal management
|
| 650 |
0 |
0 |
|a Psychology, Industrial
|
| 700 |
1 |
|
|a Deci, Edward L.
|
| 999 |
|
|
|a 0000022585
|b BOOK
|c Open Shelf
|e Default branch
|